000 00847nam a22002537a 4500
003 UA-OsUOA
001 77283
007 ta
008 20110906b un ||||| |||| 00| 0 ukr d
100 _aКузнецов Э.В.
700 _aСальников В.П.
090 _a340.12
_bК89
942 _cBK
040 _aUA-OsUOA
_brus
_cUA-OsUOA
_dUA-OsUOA
245 _aНаука о праве и государстве
_bпособие для абитуриентов, студентов и аспирантов юрид. вузов
300 _a410 с.
955 _a2
041 _arus
080 _a340.12
020 _a5-7978-0058-6
260 _aСПб
_bГерда
_c1999
650 7 _a340 Право в цілому. Пропедевтика. Методи та допоміжні правничі науки
_2UDC
999 _c363590
_d363590